Hội An

Sơ lược về lịch sử Hội An thuộc tỉnh Quảng Nam. Địa lý và đô thị. Những nhân vật nổi tiếng và những đặc sản của Hội An.

Bewaard in:
Bibliografische gegevens
Hoofdauteur: Nguyễn Văn Xuân
Formaat: Boek
Taal:Vietnamese
Gepubliceerd in: Đà Nẵng Đà Nẵng 1999
Editie:Tái bản lần thứ 2
Onderwerpen:
Tags: Voeg label toe
Geen labels, Wees de eerste die dit record labelt!
Thư viện lưu trữ: Mạng thư viện Đại học Đà Nẵng
LEADER 01170nam a2200337 4500
001 000014915
003 11285
005 20120731140712.0
008 120516s1999 viesd
020 |c 40000đ 
041 0 |a vie 
082 |a 959.752  |b NG-X 
100 0 |a Nguyễn Văn Xuân 
245 0 |a Hội An  |c Nguyễn Văn Xuân 
250 |a Tái bản lần thứ 2 
260 |a Đà Nẵng  |b Đà Nẵng  |c 1999 
300 |a 109 tr.  |c 19 cm 
520 |a Sơ lược về lịch sử Hội An thuộc tỉnh Quảng Nam. Địa lý và đô thị. Những nhân vật nổi tiếng và những đặc sản của Hội An. 
653 |a Hội An 
653 |a Lịch sử 
653 |a Quảng Nam 
OWN |a LSP 
AVA |a UDN50  |b LSP  |d 959.752 NG-X  |e available  |t Error 5001 Not defined in file expand_doc_bib_avail.  |f 1  |g 0  |h N  |i 0  |k 1 
999 |a From the UDN01 
AVA |a UDN50  |b LSP  |d 959.752 NG-X  |e available  |t Error 5001 Not defined in file expand_doc_bib_avail.  |f 1  |g 0  |h N  |i 0  |k 1 
TYP |a Monograph 
TYP |a Printed language 
980 |a Mạng thư viện Đại học Đà Nẵng